[Event "AUS-ch Major"]
[Site "Sydney"]
[Date "2020.01.05"]
[Round "4"]
[White "Wang, Zhiyi Daniel"]
[Black "Tang, Jonas"]
[Result "0-1"]
[WhiteElo "1119"]
[BlackElo "1669"]
[PlyCount "76"]
[EventDate "2020.01.02"]
[EventType "swiss"]
[EventRounds "11"]
[EventCountry "AUS"]
[SourceTitle "EXT 2021"]
[Source "ChessBase"]
[SourceDate "2020.10.23"]
[SourceVersion "1"]
[SourceVersionDate "2020.10.23"]
[SourceQuality "1"]

1. e4 c6 2. d4 d5 3. Nc3 dxe4 4. Nxe4 Nd7 5. Bc4 Ngf6 6. Nxf6+ Nxf6 7. Nf3 Bf5 8. 0-0 e6 9. Re1 Be7 10. Bf4 0-0 11. c3 a5 12. a4 Nd5 13. Bg3 Bg4 14. Qd3 Bxf3 15. Qxf3 Nf6 16. Bd3 Qd5 17. Qe3 Rfd8 18. Bc2 c5 19. dxc5 Bxc5 20. Qe2 Qd2 21. h3 Qg5 22. Qf3 Nh5 23. Bc7 Rd2 24. Re5 Qe7 25. Bxh7+ Kf8 26. Rxh5 Rxf2 27. Qxf2 Bxf2+ 28. Kxf2 Qxc7 29. Kg1 Rd8 30. Rf1 f5 31. Bg6 Qg3 32. Rh8+ Ke7 33. Rxd8 Kxd8 34. Bh5 Qe3+ 35. Kh1 Ke7 36. Rd1 Qe4 37. b3 Qc2 38. c4 Qxb3 0-1

[Event "AUS-ch Major"]
[Site "Cammeray"]
[Date "2018.01.10"]
[Round "9"]
[White "Tang, Jonas"]
[Black "Buciu, Aurel John"]
[Result "0-1"]
[WhiteElo "1355"]
[BlackElo "1755"]
[PlyCount "68"]
[EventDate "2018.01.02"]
[EventType "swiss"]
[EventRounds "11"]
[EventCountry "AUS"]
[SourceTitle "CBM 182 Extra"]
[Source "ChessBase"]
[SourceDate "2018.02.23"]
[SourceVersion "1"]
[SourceVersionDate "2018.02.23"]
[SourceQuality "1"]

1. e4 e5 2. Nf3 Nf6 3. Nxe5 d6 4. Nf3 Nxe4 5. Nc3 Nf6 6. d4 d5 7. Bd3 Be7 8. 0-0 0-0 9. Ne5 c6 10. Ne2 Ne4 11. Ng3 f5 12. c3 Nd7 13. f3 Nxe5 14. dxe5 Qb6+ 15. Kh1 Nf2+ 16. Rxf2 Qxf2 17. f4 Bh4 18. Nf1 Bd8 19. Qe2 Qxe2 20. Bxe2 Bb6 21. Be3 Be6 22. Rd1 Rfd8 23. Bc1 a5 24. b3 Ba7 25. Ba3 b6 26. Bf3 b5 27. Ng3 c5 28. Ne2 b4 29. Bb2 c4 30. Nd4 Bxd4 31. Rxd4 Rac8 32. cxb4 c3 33. Bc1 axb4 34. Rxb4 d4 0-1

[Event "AUS-ch Major"]
[Site "Cammeray"]
[Date "2018.01.08"]
[Round "7"]
[White "Tang, Jonas"]
[Black "Voon, Richard"]
[Result "1/2-1/2"]
[WhiteElo "1355"]
[BlackElo "1728"]
[PlyCount "113"]
[EventDate "2018.01.02"]
[EventType "swiss"]
[EventRounds "11"]
[EventCountry "AUS"]
[SourceTitle "CBM 182 Extra"]
[Source "ChessBase"]
[SourceDate "2018.02.23"]
[SourceVersion "1"]
[SourceVersionDate "2018.02.23"]
[SourceQuality "1"]

1. e4 c5 2. Nf3 d6 3. Bb5+ Bd7 4. Bxd7+ Qxd7 5. 0-0 Nc6 6. c3 Nf6 7. d3 g6 8. Nbd2 Bg7 9. Nc4 0-0 10. a4 d5 11. exd5 Nxd5 12. Re1 Qc7 13. Qc2 e5 14. Bg5 Rfe8 15. Nfd2 h6 16. Bh4 b6 17. f3 Nf4 18. Ne4 g5 19. Bf2 Rad8 20. Rad1 Rd5 21. Ne3 Rd7 22. Ng4 Re6 23. Ne3 Qd8 24. g3 Nxd3 25. Re2 Nxf2 26. Kxf2 Rxd1 27. Nxd1 Re7 28. Ne3 Rd7 29. Nf5 Ne7 30. Nxe7+ Qxe7 31. g4 Qd8 32. Ke1 Rd5 33. Rd2 Kf8 34. Rxd5 Qxd5 35. Qd2 Qxd2+ 36. Kxd2 Ke7 37. Kd3 Kd7 38. Kc4 Kc6 39. Ng3 a6 40. Nf5 Bf8 41. Kd3 b5 42. axb5+ axb5 43. b3 Kd7 44. Ke4 Ke6 45. Ne3 Bg7 46. Nf5 Bf8 47. h3 f6 48. Ne3 Bd6 49. Nd5 h5 50. Ne3 hxg4 51. hxg4 Bc7 52. c4 bxc4 53. bxc4 Ba5 54. Nd5 Bd2 55. Nc7+ Kd6 56. Nd5 Ke6 57. Nc7+ 1/2-1/2

[Event "AUS-ch Major"]
[Site "Cammeray"]
[Date "2018.01.03"]
[Round "3"]
[White "Tang, Jonas"]
[Black "Holt, Kenneth P"]
[Result "1/2-1/2"]
[WhiteElo "1355"]
[BlackElo "1825"]
[PlyCount "53"]
[EventDate "2018.01.02"]
[EventType "swiss"]
[EventRounds "11"]
[EventCountry "AUS"]
[SourceTitle "CBM 182 Extra"]
[Source "ChessBase"]
[SourceDate "2018.02.23"]
[SourceVersion "1"]
[SourceVersionDate "2018.02.23"]
[SourceQuality "1"]

1. e4 c6 2. d4 d5 3. Nc3 dxe4 4. Nxe4 Nd7 5. Ng5 Ngf6 6. Bd3 e6 7. N1f3 Bd6 8. 0-0 0-0 9. Re1 h6 10. Nh3 Qc7 11. c4 c5 12. b3 cxd4 13. Nxd4 Bxh2+ 14. Kh1 Be5 15. Bc2 a6 16. Bb2 Rd8 17. Qe2 Bd6 18. Rad1 Nf8 19. Nf3 e5 20. Bxe5 Bxh3 21. gxh3 Bxe5 22. Qxe5 Qc6 23. Qf5 Ne6 24. Kg1 Qc5 25. Rxd8+ Rxd8 26. Qxc5 Nxc5 27. Re7 1/2-1/2